00970 2200349 4500001002100000005001500021035002000036007000300056008004100059040001700100100002300117245007300140250001000213300003300223020002200256041000800278082001000286084001600296090001600312260006100328264003100389264001200420336002100432337003000453338002300483650001600506850001000522990002200532990002200554990002200576990002200598INLIS00000000000436420260527125223 a0010-1121000131ta260527 0  aSBPUPADbInd0 aSolich,ePengarang1 aSeni Budaya dan Keterampilan untuk Sekolah Dasar Kelas VI /cSolich, aCet.1 ax, 149 hlm. :bIlus ;c25 cm a978-979-015-060-70 aInd a372.5 a372.5 SOL s a372.7 ABD m a--Jakarta :bKementrian Pendidikan dan Kebudayaan,c2016 aJakarta :bErlangga,c2007 aJakarta 2rdacontentaTeks 2rdamediaaTanpa Perantara 2rdacarrieraVolume 4aSeni Budaya aPUPAD a35.142/S/DPK/2021 a35.139/S/DPK/2021 a35.140/S/DPK/2021 a35.141/S/DPK/2021